00911nam a2200229 a 450000100100000000500170001000800410002702000150006804000250008308200150010810000250012324501050014826000370025330000310029053400220032170000370034370000320038004900090041295201190042195201240054099900170066400002286220200930021837.0101119s1977 xxuc r 000 0 spa d a0311010687 aDO-SdBNPbspacBNPHU axxxbC323p1 aCarter, Jimmy94295810a¿Por qué no lo mejor? /cJimmy Carter ;Edición José Tomás Poe ; traducción Tito Fafasuli. a[s. l.] :bMundo Hispano,c1977. a154 p. :bretrs. ;c18 cm. aWhu not the best?1 aPoe, José Tomás,etr.9469891 aFafasuli, Tito,etr.946990 aBNGR 001054708MOaGRbGRcCTd2010-11-19iLF1l0oxxx C323pp22862-10r2020-06-25w2020-06-25y4ZPréstamo en sala 001054728MOaGRbGRcCTd2011-02-10iLF1l0oxxx C323pp22862-20r2020-06-25te.2w2020-06-25y4ZPréstamo en sala c22359d22359